Uhorska čítanka a cvičebná knižka pre 2. 3. a 4. klassu slovenských pospolitých skôl

Podrobná bibliografia
Hlavný autor: Groó, Vilém (Autor)
Médium: Kniha
Jazyk:angličtina
Fyzický popis:138 s.
Vydavateľské údaje: Budapešť Vlastnosť Uherského štátu 1894

MARC

LEADER 00000nam a2200000 a 4500
001 vtls009298651
003 SK-MaSNL
005 20260301170824.0
008 240318 000 0 eng
040 |a SNK  |b slo  |c SNK  |e AACR2 
100 1 |a Groó, Vilém  |4 aut  |9 300934 
245 1 0 |a Uhorska čítanka a cvičebná knižka pre 2. 3. a 4. klassu slovenských pospolitých skôl  |c spísal a sostavil Vilém Groó 
260 |a Budapešť  |b Vlastnosť Uherského štátu  |c 1894 
300 |a 138 s. 
999 |c 828870  |d 830800 
952 |a SNK  |b SNK  |y PREZ  |7 0  |p 17A0589268  |o snkSD 17133  |i snkKSK 158/59  |8 3  |3 rekatalogizácia  |0 0  |1 0  |4 0  |d 2008-05-29  |l 0  |r 2025-12-01 00:00:00  |w 2026-02-24